ՀՀ Գիտությունների ազգային ակադեմիայի հիմնարար գիտական գրադարան  =   Fundamental Scientific Library of NAS RA

Капитуляции Парижа : (Record no. 329255)

MARC details
000 -LEADER
fixed length control field 01073nam a2200241 a 4500
001 - CONTROL NUMBER
control field 000992974
003 - CONTROL NUMBER IDENTIFIER
control field AM-YeHGA
005 - DATE AND TIME OF LATEST TRANSACTION
control field 20250617150339.0
008 - FIXED-LENGTH DATA ELEMENTS--GENERAL INFORMATION
fixed length control field 131115s1963 ||| r 000 0 rus d
040 ## - CATALOGING SOURCE
Original cataloging agency AM-YeHGA
041 0# - LANGUAGE CODE
Language code of text/sound track or separate title rus
090 ## - LOCALLY ASSIGNED LC-TYPE CALL NUMBER (OCLC); LOCAL CALL NUMBER (RLIN)
-- 331009
100 1# - MAIN ENTRY--PERSONAL NAME
Personal name Орлов, Михаил Федорович
Dates associated with a name 1788-1842
245 10 - TITLE STATEMENT
Title Капитуляции Парижа :
Remainder of title Политические сочинения; Письма /
Statement of responsibility, etc. М.Ф. Орлов; Изд. подгот. С.Я. Боровой, М.И. Гиллельсон.
260 ## - PUBLICATION, DISTRIBUTION, ETC.
Place of publication, distribution, etc. Москва :
Name of publisher, distributor, etc. Изд-во АН СССР,
Date of publication, distribution, etc. 1963.
300 ## - PHYSICAL DESCRIPTION
Extent 374 с. :
Other physical details ил.
440 #0 - SERIES STATEMENT/ADDED ENTRY--TITLE
Title Литературные памятники / АН СССР
505 2# - FORMATTED CONTENTS NOTE
Formatted contents note М.Ф. Орлов и литературное наследие / С.Я. Боровой
653 0# - INDEX TERM--UNCONTROLLED
Uncontrolled term Россия - История, 19 в.
653 0# - INDEX TERM--UNCONTROLLED
Uncontrolled term Декабристы
653 0# - INDEX TERM--UNCONTROLLED
Uncontrolled term Общественная мысль в России, 19 в. - Документы и материалы
700 1# - ADDED ENTRY--PERSONAL NAME
Personal name Боровой, С.Я.
Relator term сост.
Relationship com
Holdings
Withdrawn status Lost status Source of classification or shelving scheme Damaged status Not for loan Collection Home library Current library Date acquired Total checkouts Full call number Barcode Date last seen Price effective from Koha item type Public note
    Universal Decimal Classification     General Fundamental Scientific Library Fundamental Scientific Library 09/01/2017   PII/483218 FL0274793 09/01/2017 09/01/2017 Գրքեր / Books 30 Days Loan


ՀՀ ԳԱԱ հիմնարար գիտական գրադարան
ՀՀ,Երևան 0019
Մարշալ Բաղրամյան 24/6
հեռախոս:(374-10) 52-47-50
Հետադարձ կապ

All site content, except where otherwise noted, is licensed under a
Creative Commons License